|
|
|
|
| LEADER |
02258nkm a2200493 a 4500 |
| 001 |
mzk03001041987 |
| 003 |
CZ BrMZK |
| 005 |
20090626134028.0 |
| 007 |
kj bo| |
| 008 |
061206q17301750gw ||| f || k|gerod |
| 034 |
0 |
|
|a a
|d E0134900
|e E0135300
|f N0480600
|g N0480500
|
| 040 |
|
|
|a BOA001
|b cze
|
| 043 |
|
|
|a e-au---
|
| 072 |
|
7 |
|a 72
|x Architektura
|2 Konspekt
|9 21
|
| 072 |
|
7 |
|a 76
|x Grafické umění. Grafika
|2 Konspekt
|9 21
|
| 080 |
|
|
|a (0.026.6)76
|2 MRF
|
| 080 |
|
|
|a (436.9)
|2 MRF
|
| 080 |
|
|
|a 721:904
|2 MRF
|
| 080 |
|
|
|a 912.43:069.5
|2 MRF
|
| 100 |
1 |
|
|a Corvinus, Johann August,
|d 1683-1738
|7 mzk2007381974
|4 egr
|
| 245 |
1 |
0 |
|a Perspectivischer Aufriss der neu erbauten Capellen gegen Mittag, welche von einem Hoch-Löblichen Stifft und Closter Lambach zu Ehren der Allerheiligsten Dreyfaltigkeit erbaut worden von Iohann Michael Brunner Baumeister
|h [grafika] /
|c Ioh. Aug. Corvinus sculpsit ; Ieremias Wolff excud. Aug. Vind.
|
| 255 |
|
|
|a Měřítko neuvedeno
|c (013°49´00" v.d.--013°53´00" v.d./048°06´00" s.š.--048°05´00" s.š.)
|
| 260 |
|
|
|a Aug. Vind. :
|b Ieremias Wolff excud.,
|c [mezi 1730 a 1750]
|
| 300 |
|
|
|a 1 grafický list :
|b mědirytina, podlepená papírem ;
|c 40 x 30,5 cm
|
| 500 |
|
|
|a Podlepeno papírem o velikosti 57 x 63,5 cm
|
| 500 |
|
|
|a Součást souboru uloženého pod sign. Moll-0000.751 - Moll-0000.754
|
| 500 |
|
|
|a Výzdoba: Pod dolním okrajem název
|
| 510 |
4 |
|
|a Kuchař, K. Mapová sbírka B.P. Molla,
|c s. 198
|
| 655 |
|
7 |
|a grafické listy
|7 fd132404
|2 czenas
|
| 650 |
0 |
7 |
|a historické budovy
|7 ph120726
|2 czenas
|
| 650 |
0 |
4 |
|a Mollova mapová sbírka
|
| 650 |
0 |
7 |
|a mapové sbírky
|z Česko
|7 ph182407
|2 czenas
|
| 610 |
2 |
7 |
|a Moravská zemská knihovna (Brno, Česko).
|b Mapová sbírka B.P. Molla
|7 mzk2005304487
|2 czenas
|
| 651 |
|
7 |
|a Horní Rakousko (Rakousko)
|7 ge134222
|2 czenas
|
| 700 |
1 |
|
|a Prunner, Johann Michael,
|d 1669-1739
|7 mzk2009511549
|4 oth
|
| 700 |
1 |
|
|a Wolf, Jeremias,
|d 1663-1724
|7 mzk2007381978
|4 pbl
|
| 856 |
4 |
1 |
|u http://mapy.mzk.cz/mzk03/001/041/987/2619266314
|y Digitalizovaný dokument
|
| 903 |
|
|
|a RP
|
| 910 |
|
|
|a BOA001
|b Moll-0000.751
|
| 978 |
|
|
|b Wolff, Jeremias - dědici
|a Augsburg
|c 1730-1750
|
| 984 |
|
|
|a Augsburg
|b Německo
|
| 985 |
|
|
|a 1701-1750
|
| 990 |
|
|
|a GP
|
| 991 |
|
|
|k mzk
|